Provinces of Indonesia - Statistics

General Stats
  • This quiz has been taken 19 times
  • The average score is 22 of 34
Answer Stats
Area Population Province % Correct
700 km² 9,600,000 Jakarta Special Capital Region
100%
3,100 km² 3,500,000 Special Region of Yogyakarta
93%
35,400 km² 43,100,000 West Java
93%
5,800 km² 3,900,000 Bali
86%
47,800 km² 37,500,000 East Java
86%
73,000 km² 13,000,000 North Sumatra
86%
91,600 km² 7,500,000 South Sumatra
86%
319,000 km² 2,800,000 Special Region of Papua
86%
58,000 km² 4,500,000 Aceh
79%
40,800 km² 32,400,000 Central Java
79%
87,000 km² 5,500,000 Riau
79%
46,700 km² 8,000,000 South Sulawesi
79%
13,900 km² 2,300,000 North Sulawesi
71%
34,600 km² 7,600,000 Lampung
64%
97,000 km² 800,000 Special Region of West Papua
64%
18,600 km² 4,500,000 West Nusa Tenggara
64%
16,400 km² 1,200,000 Bangka-Belitung Islands
57%
153,600 km² 2,200,000 Central Kalimantan
57%
48,700 km² 4,700,000 East Nusa Tenggara
57%
50,100 km² 3,100,000 Jambi
57%
42,000 km² 5,100,000 West Sumatra
57%
19,900 km² 1,700,000 Bengkulu
50%
139,500 km² 3,000,000 East Kalimantan
50%
46,900 km² 1,500,000 Maluku
50%
38,700 km² 3,600,000 South Kalimantan
50%
147,300 km² 4,400,000 West Kalimantan
50%
16,800 km² 1,200,000 West Sulawesi
50%
9,700 km² 10,600,000 Banten
43%
61,800 km² 2,600,000 Central Sulawesi
43%
11,300 km² 1,000,000 Gorontalo
43%
72,300 km² 600,000 North Kalimantan
43%
32,000 km² 1,000,000 North Maluku
43%
8,200 km² 1,700,000 Riau Islands
43%
38,100 km² 2,200,000 Southeast Sulawesi
43%
No matching quizzes found
Score Distribution
Percent of People with Each Score
Percentile by Number Answered
Your Score History
You have not taken this quiz